2001 NHL Entry Draft 1st Round Selections - Statistics

General Stats
  • This quiz has been taken 68 times
  • The average score is 8 of 30
Answer Stats
Pick Player Junior Team NHL Team % Correct
1 Ilya Kovalchuk Spartak Moscow Atlanta Thrashers
94%
2 Jason Spezza Windsor Spitfires Ottawa Senators
73%
6 Mikko Koivu TPS Minnesota Wild
48%
4 Stephen Weiss Plymouth Whalers Florida Panthers
39%
3 Alexander Svitov Avangard Omsk TB Lightning
36%
8 Pascal Leclaire Halifax Mooseheads Columbus Blue Jackets
33%
16 RJ Umberger Ohio State University Vancouver Canucks
33%
9 Tuomo Ruutu Jokerit Chicago Blackhawks
33%
7 Mike Komisarek University of Michigan Montreal Canadiens
27%
5 Stanislav Chistov Avangard Omsk Anaheim Mighty Ducks
24%
13 Ales Hemsky Hull Olympiques Edmonton Oilers
21%
12 Dan Hamhuis Prince George Cougars Nashville Predators
21%
20 Marcel Goc Schwenninger Wild Wings SJ Sharks
21%
25 Alexander Perezhogin Avangard Omsk Montreal Canadiens
18%
17 Carlo Colaiacovo Erie Otters Toronto Maple Leafs
18%
14 Chuck Kobasew Boston College Calgary Flames
18%
21 Colby Armstrong Red Deer Rebels Pittsburgh Penguins
18%
10 Dan Blackburn Kootenay Ice NY Rangers
18%
27 Jeff Woywitka Red Deer Rebels Philadelphia Flyers
18%
19 Shaone Morrisonn Kamloops Blazers Boston Bruins
18%
23 Tim Gleason Windsor Spitfires Ottawa Senators
18%
29 Adam Munro Erie Otters Chicago Blackhawks
15%
11 Fredrik Sjostrom Frolunda HC Phoenix Coyotes
15%
18 Jens Karlsson Frolunda HC LA Kings
15%
22 Jiri Novotny HC Ceske Budejovice Buffalo Sabres
15%
24 Lukas Krajicek Peterborough Petes Florida Panthers
15%
28 Adrian Foster Saskatoon Blades NJ Devils
12%
30 Dave Steckel Ohio State University LA Kings
12%
15 Igor Knyazev Spartak Moscow Carolina Hurricanes
12%
26 Jason Bacashihua Chicago Freeze Dallas Stars
12%
No matching quizzes found
Score Distribution
Percent of People with Each Score
Percentile by Number Answered
Your Score History
You have not taken this quiz